<?xml version="1.0" encoding="UTF-8"?>
<record
    xmlns:xsi="http://www.w3.org/2001/XMLSchema-instance"
    xsi:schemaLocation="http://www.loc.gov/MARC21/slim http://www.loc.gov/standards/marcxml/schema/MARC21slim.xsd"
    xmlns="http://www.loc.gov/MARC21/slim">

  <leader>01759nam a22002537a 4500</leader>
  <controlfield tag="008">251013b        |||||||| |||| 00| 0 eng d</controlfield>
  <datafield tag="020" ind1=" " ind2=" ">
    <subfield code="a">9780008698003</subfield>
  </datafield>
  <datafield tag="040" ind1=" " ind2=" ">
    <subfield code="c">tbs</subfield>
  </datafield>
  <datafield tag="041" ind1=" " ind2=" ">
    <subfield code="a">eng</subfield>
  </datafield>
  <datafield tag="050" ind1=" " ind2=" ">
    <subfield code="a">PS3608.A4477 </subfield>
    <subfield code="b">A78 2025</subfield>
  </datafield>
  <datafield tag="100" ind1=" " ind2=" ">
    <subfield code="a">Harman, Sarah</subfield>
    <subfield code="9">26119</subfield>
    <subfield code="e">author</subfield>
  </datafield>
  <datafield tag="245" ind1=" " ind2=" ">
    <subfield code="a"> All the other mothers hate me</subfield>
    <subfield code="c">/ Sarah Harman.</subfield>
  </datafield>
  <datafield tag="260" ind1=" " ind2=" ">
    <subfield code="a">London,</subfield>
    <subfield code="b">HarperCollins Publishers,</subfield>
    <subfield code="c">2025.</subfield>
  </datafield>
  <datafield tag="300" ind1=" " ind2=" ">
    <subfield code="a">314 pages ;</subfield>
    <subfield code="c">23 cm.</subfield>
  </datafield>
  <datafield tag="520" ind1=" " ind2=" ">
    <subfield code="a">Maybe having a few enemies on the school run means you're doing something right&#x2026;

Florence knows all about failure. After a dismal end to her 2000s girlband career, she&#x2019;s moping around West London, single, broke and unfulfilled. The only things she&#x2019;s proud of are her increasingly elaborate nail art choices &#x2013; and her ten-year-old son, Dylan.

But when Alfie Risby, Dylan's bitter class rival and the child heir to a frozen foods empire, mysteriously vanishes on a school trip, Dylan becomes a prime suspect. Florence has to get her act together, find the missing boy and clear her son&#x2019;s name or risk losing him forever. The only problem? She doesn&#x2019;t have any detective skills, she&#x2019;s not exactly popular at the school gates and she&#x2019;s just found Alfie&#x2019;s backpack hidden under Dylan&#x2019;s bed&#x2026;

All the Other Mothers Hate Me is an irresistibly witty novel about fitting in, starting over and the lengths we&#x2019;ll go to for the people we love.</subfield>
  </datafield>
  <datafield tag="650" ind1=" " ind2="0">
    <subfield code="a">Bullies</subfield>
    <subfield code="v">Fiction</subfield>
    <subfield code="9">26120</subfield>
  </datafield>
  <datafield tag="650" ind1=" " ind2="0">
    <subfield code="a">Missing children</subfield>
    <subfield code="v">Fiction</subfield>
    <subfield code="9">23688</subfield>
  </datafield>
  <datafield tag="650" ind1=" " ind2="0">
    <subfield code="a">Missing persons</subfield>
    <subfield code="x">Investigation</subfield>
    <subfield code="v">Fiction</subfield>
    <subfield code="9">25609</subfield>
  </datafield>
  <datafield tag="650" ind1=" " ind2="0">
    <subfield code="a">Mothers and sons</subfield>
    <subfield code="v">Fiction</subfield>
    <subfield code="9">24082</subfield>
  </datafield>
  <datafield tag="650" ind1=" " ind2="0">
    <subfield code="a">Single mothers</subfield>
    <subfield code="v">Fiction</subfield>
    <subfield code="9">25097</subfield>
  </datafield>
  <datafield tag="651" ind1=" " ind2="0">
    <subfield code="a">London (England)</subfield>
    <subfield code="v">Fiction</subfield>
    <subfield code="9">24106</subfield>
  </datafield>
  <datafield tag="655" ind1=" " ind2="0">
    <subfield code="a">Thrillers (Fiction)</subfield>
    <subfield code="9">22669</subfield>
  </datafield>
  <datafield tag="942" ind1=" " ind2=" ">
    <subfield code="2">lcc</subfield>
  </datafield>
  <datafield tag="952" ind1=" " ind2=" ">
    <subfield code="0">0</subfield>
    <subfield code="1">0</subfield>
    <subfield code="2">lcc</subfield>
    <subfield code="4">0</subfield>
    <subfield code="7">0</subfield>
    <subfield code="a">TBS</subfield>
    <subfield code="b">TBS</subfield>
    <subfield code="d">2025-10-13</subfield>
    <subfield code="l">0</subfield>
    <subfield code="o">P-EN HAR</subfield>
    <subfield code="p">B07676</subfield>
    <subfield code="r">2025-10-13</subfield>
    <subfield code="t">1</subfield>
    <subfield code="w">2025-10-13</subfield>
    <subfield code="y">1</subfield>
  </datafield>
  <datafield tag="999" ind1=" " ind2=" ">
    <subfield code="c">5034</subfield>
    <subfield code="d">5034</subfield>
  </datafield>
</record>
